000 00738nam a22002417a 4500
999 _c27124
_d27124
001 27124
003 AR-RoBPED
005 20210825152559.0
008 210823s1998 sp ||||| |||| 00| 1 spa d
020 _a8401463068
040 _aAR-RoBPED
041 _aspa
100 1 _925185
_aPerry, Anne
_d1938-
245 1 0 _aEnvenenado en Cardington Crescent /
_cAnne Perry ; traducción de Luis Murillo Fort.
260 _aBarcelona :
_bPlaza & Janés,
_c1998.
300 _a329 p.
650 1 4 _9444
_aLITERATURA INGLESA
650 1 4 _925
_aNOVELAS
650 1 4 _91746
_aNOVELAS POLICIALES
700 1 _925191
_aMurillo Fort, Luis
_etr.
942 _2udc
_ak. 27124
_cBK
_h820-31
_mP 45 e
_ninv. 39179
945 _asa 23/08/2021; fd 25/08/2021